Normal view
MARC view
- دمشق -تاريخ
Entry Topical Term
001 - CONTROL NUMBER
- control field: 19097
003 - CONTROL NUMBER IDENTIFIER
- control field: JO-AjAnu
005 - DATE AND TIME OF LATEST TRANSACTION
- control field: 20230606073337.0
008 - FIXED-LENGTH DATA ELEMENTS
- fixed length control field: 230606|| aca||aabn | a|a d
040 ## - CATALOGING SOURCE
- Original cataloging agency: JO-AjAnu
- Transcribing agency: JO-AjAnu
150 ## - HEADING--TOPICAL TERM
- Topical term or geographic name entry element: دمشق -تاريخ
670 ## - SOURCE DATA FOUND
- Source citation: Work cat.: (JO-AjAnu)9799: أحمد وصفي زكريا؛ تحرير واعداد سبانو، تحرير وإعداد أحمد غسان, author 19096, دمشق في كتابات أحمد وصفي زكريا